| 000 | 00709nam a22001937a 4500 | ||
|---|---|---|---|
| 999 |
_c14005 _d14005 |
||
| 003 | AR-CdUCM | ||
| 008 | 190417b ||||| |||| 00| 0 spa d | ||
| 040 |
_aMUNICIPALIDAD PROVINCIAL DEL CUSCO _cBIBLIOTECA MUNICIPAL DEL CUSCO |
||
| 082 |
_aEP / 803 / _bP19 |
||
| 100 |
_aPalma, Ricardo _9304 |
||
| 245 | _aTradiciones peruanas / | ||
| 260 |
_aLima : _bFondo editorial cultura peruana, _c2006. |
||
| 300 |
_a142 páginas ; _c15 cm. |
||
| 440 |
_aCuadernos didácticos. _932644 |
||
| 505 | _aContenido :Don Dimas de la tijereta -- La achirana del Inca -- Valores de la obra -- La casa de Pilátos -- El cristo de la agonía ... | ||
| 650 |
_aCuentos _9217 |
||
| 942 |
_2ddc _cLIBROS |
||
| 945 |
_arum _d2019-04-17 |
||